| 000 | 00401nam a22001457a 4500 | ||
|---|---|---|---|
| 082 |
_aM1 _bSAJ/N |
||
| 100 |
_aSaji Kalyani _955489 |
||
| 245 |
_aNinnolam azhamulla kinarukal/ _cby Saji Kalyani |
||
| 260 |
_aThodupuzha: _bVicharana Publications, _c2017. |
||
| 300 | _a106p. | ||
| 650 |
_aPoetry Malayalam _955490 |
||
| 650 |
_aLiterature Malayalam _955491 |
||
| 650 |
_aLiterature _955492 |
||
| 942 | _cBK | ||
| 999 |
_c138026 _d138026 |
||